000 01963nam a2200361 i 4500
003 DO-SdBNP
005 20251013100933.0
007 ta
008 220125b2021 ||||| |||| 00| 0 spa d
020 _a9789945629026
040 _aDO-SdBNP
_bspa
_cBNPHU
_erda
041 _aspa
082 4 _a928.61
_bP348b
_222
100 1 _aBelliard, Basilio,
_d1966-
_eautor
_923510
_4aut.
245 1 _aOctavio Paz :
_btemporalidad y soledad /
_cBasilio Belliard ; coordinación de la edición, José Alcántara Almánzar y Elvis Francis Soto ; colaboración, Hipólito Batista.
250 _aPrimera edición
264 4 _aSanto Domingo República Dominicana :
_bBanco Central de la República Dominicana,
_c©2021.
300 _a367 páginas ;
_c24 cm.
336 _atexto
_btxt
_2rdacontent
337 _asin mediación
_bn
_2rdamedia
338 _avolumen
_bnc
_2rdacarrier
490 0 _aBanco Central de la República Dominicana ;
_v282
500 _aIncluye referencias bibliográficas y notas al pie de las páginas
505 0 _aIntroducción 9 -- Consideraciones generales 27 -- El tiempo en Octavio Paz 57 -- La soledad en Octavio Paz 188 -- Octavio Paz en el contexto del pensamiento poético latinoamericano y universal 224 -- Poesía, modernidad y presente 233 -- El ensayo en Octavio Paz 248 -- Modernidad y libertad 267 -- Conclusiones generales: notas y apuntes 274 -- Conclusiones 311 -- Referencias 319 -- índice onomástico 343 -- Colección del Banco Central de la República Dominicana 34
590 _aInventariado, 2021 / DG
600 1 4 _aPaz, Octavio,
_d1914-1998
_981001
650 4 _aLiteratura mexicana
_xCrítca e interpretación
_982047
700 1 _aAlcántara Almánzar, José,
_ecoordinador de la edición
_4coord.
_987139
700 1 _aSoto, Elvis Francis,
_ecoordinador de la edición
_4coord.
_939156
700 1 _aBatista, Hipólito
_ecolaborador
_4col.
_978008
910 _aDG/Validado. Control de calidad MFF
942 _2ddc
_cLBS1
999 _c51214
_d51214